Estatísticas para Todas as Músicas do WIU

Clique aqui para jogar o quiz

Estatísticas Gerais

  • Esse quiz foi jogado 51 vezes
    (8 desde o último reset)
  • A pontuação média é 23 de 41

Estatísticas das Respostas

AlbumMúsica% Correto
Manual de Como Amar ErradoCoração de Gelo
100%
Manual de Como Amar ErradoAngelina
88%
Manual de Como Amar ErradoBrinca Demais
88%
Single (Ft. MC Ryan SP)Felina
88%
SingleLágrimas de Crocodilo
88%
Manual de Como Amar ErradoOração
88%
Single (Ft. Matuê e Teto)Vampiro
88%
Manual de Como Amar ErradoAvião no Céu
75%
Manual de Como Amar ErradoCiumenta
75%
Manual de Como Amar ErradoFrio
75%
Single (Ft. Oruam)Horas Iguais
75%
Um Pequeno Álbum de NatalJingle Bell Hype
75%
Single (Ft. Matuê)Mantém
75%
Um Pequeno Álbum de NatalNão me liga 00:00
75%
O Cara do Momento (Ft. MC PH e Borges)Tenho que me decidir
75%
Single (Ft. Doode, Reid e Lil Whind)Drip da Roça 2
63%
Manual de Como Amar ErradoEsquece PT.2
63%
Single (Ft. Teto e Matuê)Flow Espacial
63%
Manual de Como Amar ErradoLealdade
63%
Manual de Como Amar ErradoLimão
63%
Um Pequeno Álbum de NatalNatal solteiro
63%
Single (Ft. Oruam e Chris MC)Para de Mentir
63%
SinglePitbull
63%
Single (Ft. Welisson)Amiga Talarica
50%
Um Pequeno Álbum de NatalEu Fumei a árvore de Natal
50%
Single (Ft. Arthurzin)Sessão de Cria 2: Beroba Freestyle
50%
SingleSó de Mal
50%
SingleSucrilhos
50%
Single (Ft. Yunk Vino)Vlife
50%
Single (Ft. Borges, TkN, Kizzy, Galdino, Pugli)Avisa minha mãe
38%
Single (Ft. Kawe)Jovens do Reggae
38%
Single (Ft. Cesar MC, MC Ryan SP, Lourena, Major RD, Derxan, Kayblack e Gloria Groove)Poesia Acústica 14
38%
Single (Ft. Jon e Arthurzim)Sertão
38%
Grana Azul (Ft. Rodrigo Zin)Caroço
25%
Grana Azul (Ft. Rodrigo Zin e Delatorvi)Flow de quem já voltou
25%
Manual de Como Amar ErradoPágina 119: Sai pra noite, vai!
25%
Manual de Como Amar ErradoPágina 285: Nunca ame demais
25%
Manual de Como Amar ErradoPágina 47: Pague na mesma moeda
25%
Francisco Oceano (Ft. Rodrigo Zin)Santanna
25%
Single (Ft. Gaab e MC Daniel)Só Olha
13%
SingleObraz
0%

Distribuição das Pontuações

Percentil de Números Respondidos

Porcentagem de Pessoas com Cada Pontuação

Sua Pontuação Histórica

Você não jogou esse quiz desde o último reset